Biblioteka Instytutu Północnego w Olsztynie

Sprawozdanie ... / (Rekord nr 26587)

Szczegóły MARC
000 -Nagłówek
fixed length control field 01206cas a2200301 i 4500
001 - Nr kontrolny bibl., która utworzyła rek.
control field xx005463975
003 - Siglum bibl., której nr kontr. jest w 001
control field NUKAT
005 - Data i czas ostatniej operacji
control field 20260211112257.0
008 - Elementy pola stałej długości
fixed length control field 221202d19631979pl n p| | |0 |0pol c
035 ## - Systemowy numer kontrolny
systemowy numer kontrolny (OCoLC)1356745084
035 ## - Systemowy numer kontrolny
systemowy numer kontrolny (NUKAT)xx005463975
040 ## - Instytucja sporządzająca opis
Instytucja, która sporządziła opis GD PAN/PP
język katalgowania-trzyzn. kod pol
zasady opisu rda
Instytucja, która sporządziła rekord GD PAN/PPs
Instytucja, która zmodyfikowała rekord GD PAN/DB
245 00 - Tytuł właściwy i oznaczenie odpow.
tytuł Sprawozdanie ... /
dod. inf. ze s. tyt./ozn. odpow. Gdańskie Towarzystwo Przyjaciół Sztuki.
246 33 - Inne formy tytułu, wariant tytułu
tytuł Sprawozdanie z działalności Gdańskiego Towarzystwa Przyjaciół Sztuki w Latach ...
ozn. tomu, nru wyd. i/lub roku Vol. 1 1963/1965
260 ## - Adres wydawniczy
miejsce wydania, dystrybucji itp. Gdańsk :
nazwa wydawcy, dystrybutora itp. Gdańskie Towarzystwo Przyjaciół Sztuki ,
data wydania, dystrybucji itp. 1963-1979.
300 ## - Opis fizyczny
format 29 cm.
310 ## - Aktualna częstotliwość
częstotliwość Nieregularne
336 ## - Content Type
Term Tekst
Code txt
Source rdacontent
337 ## - Media Type
Term Bez urządzenia pośredniczącego
Code n
Source rdamedia
338 ## - Carrier Type
Term Wolumin
Code nc
Source rdacarrier
362 0# - Daty publikacji i/lub oznaczenie numeracji
daty publ. i i/lub kol. oznacz. Vol. 1 (1963/1965) - Vol. 3 (1973/1978).
380 ## - Form of work
Form of work Czasopisma
500 ## - Uwaga ogólna
uwaga ogólna Od 1967/1969 format 21 cm.
610 27 - Hasło przedmiotowe-nazwa ciała zbior.
nazwa ciała zbior. lub geogr. Gdańskie Towarzystwo Przyjaciół Sztuki
określnik formy czasopisma.
źródło hasła kaba
9 (RLIN) 36462
710 2# - Hasło dodatkowe - nazwa ciała zbior.
nazwa ciała zbior. lub nazwa geogr. Gdańskie Towarzystwo Przyjaciół Sztuki.
rodzaj współpracy Instytucja sprawcza
-- Wydawca
kod rodzaju współpracy pbl
9 (RLIN) 36463
730 0# - Hasło dodatkowe - tytuł ujednolicony
tytuł ujednolicony Sprawozdanie (Gdańskie Towarzystwo Przyjaciół Sztuki ; Gdańsk)
942 ## - ADDED ENTRY ELEMENTS (KOHA)
Source of classification or shelving scheme Dewey Decimal Classification
Koha item type pozycje dostępne na miejscu
Egzemplarze
Withdrawn status Lost status Source of classification or shelving scheme Materials specified (bound volume or other part) Damaged status Not for loan Home library Current library Date acquired Source of acquisition Cost, normal purchase price Serial Enumeration / chronology Inventory number Total Checkouts Full call number Barcode Date last seen Price effective from Koha item type
    Dewey Decimal Classification bound volume nieuszkodzona   Biblioteka Instytutu Północnego w Olsztynie Biblioteka Instytutu Północnego w Olsztynie 14/01/2026 D-6/2026 5.00 1963-1965 73698   73698 IPWK21243 11/02/2026 11/02/2026 pozycje dostępne na miejscu
Biblioteka Instytutu Północnego, ul. Partyzantów 87, 10-402 Olsztyn, email: biblioteka(at)ip.olsztyn.pl